| 000 | 01257nam a22004337a 4500 | ||
|---|---|---|---|
| 001 | BR0405267 | ||
| 003 | BR-BrBNA | ||
| 005 | 20230928101745.0 | ||
| 007 | ta | ||
| 008 | 230509b bl.||||| |||| 00| 0 por d | ||
| 040 |
_aBR-BrBNA _bpor _cBiblioteca Nacional de Agricultura |
||
| 041 | _a(Por) | ||
| 072 | _aC20; E20 | ||
| 090 | _ C20 BR0405267 | ||
| 100 | 1 | _aVentola, A. | |
| 100 | 1 | _aBarros, B.F. de | |
| 100 | 1 | _aOliveira, E.R. | |
| 100 | 1 | _aAlmeida, J.A. de | |
| 100 | 1 | _aAraújo, J.M.S. | |
| 100 | 1 | _aFerreira, J.R. | |
| 100 | 1 | _aPaiva, L.R.A. | |
| 100 | 1 | _aCastro, M.C.D e | |
| 100 | 1 | _aCastro, R. de C. | |
| 100 | 1 | _aVale, S.M.L.R. do | |
| 110 | 1 | _aServiço Nacional de Aprendizagem Rural, Brasília, DF (Brasil) | |
| 245 | 1 |
_aTrabalhador na administração de propriedades em regime de economia familiar; administrando _bColeção SENAR - 33 |
|
| 250 | 1 | _a2. ed. | |
| 260 | 3 |
_aBrasília, DF (Brasil): _c2004. |
|
| 300 | _a56 p. | ||
| 500 | _a20 ref.; 54 illus. | ||
| 650 | _aADMINISTRAÇÃO AGRÍCOLA | ||
| 650 | _aEMPRESA RURAL | ||
| 650 | _aPLANEJAMENTO RURAL | ||
| 650 | _aINVENTÁRIO | ||
| 650 | _aPOLÍTICA AGRÍCOLA | ||
| 650 | _aEXTENSÃO RURAL | ||
| 909 |
_a202309 _bLucia _c55 _dLucia Elande |
||
| 942 | _cBK | ||
| 999 |
_c67424 _d67424 |
||